Thể dục thẩm mỹ
Gồm những bài tập thể dục thẩm mỹ bao gồm phương pháp, động tác để tập
Enregistré dans:
| Auteur principal: | |
|---|---|
| Autres auteurs: | |
| Format: | Livre |
| Langue: | Vietnamese |
| Publié: |
Hồ Chí Minh
Tp. Hồ Chí Minh
1985
|
| Sujets: | |
| Tags: |
Ajouter un tag
Pas de tags, Soyez le premier à ajouter un tag!
|
| Thư viện lưu trữ: | Mạng thư viện Đại học Đà Nẵng |
|---|
| LEADER | 01144nam a2200325 4500 | ||
|---|---|---|---|
| 001 | 000009428 | ||
| 003 | 5625 | ||
| 005 | 20111027151049.0 | ||
| 008 | 111027s1985 viesd | ||
| 041 | 0 | |a vie | |
| 082 | |a 790 |b NG-H | ||
| 100 | 0 | |a Nguyễn Vinh Hoạt | |
| 245 | 0 | |a Thể dục thẩm mỹ |c Nguyễn Vinh Hoạt, Trần Thị Vĩnh | |
| 260 | |a Hồ Chí Minh |b Tp. Hồ Chí Minh |c 1985 | ||
| 300 | |a 168tr |c 19 cm | ||
| 520 | |a Gồm những bài tập thể dục thẩm mỹ bao gồm phương pháp, động tác để tập | ||
| 653 | |a Thể thao | ||
| 653 | |a thể dục thể hình | ||
| 700 | |a Trần Thị Vĩnh |e Tác giả | ||
| 910 | |a Võ Quang Huy |d 27/10/2011 | ||
| OWN | |a LSP | ||
| AVA | |a UDN50 |b LSP |d 790 NG-H |e available |t Error 5001 Not defined in file expand_doc_bib_avail. |f 3 |g 2 |h N |i 0 |k 1 | ||
| 999 | |a From the UDN01 | ||
| AVA | |a UDN50 |b LSP |d 790 NG-H |e available |t Error 5001 Not defined in file expand_doc_bib_avail. |f 3 |g 2 |h N |i 0 |k 1 | ||
| TYP | |a Monograph | ||
| TYP | |a Printed language | ||
| 980 | |a Mạng thư viện Đại học Đà Nẵng | ||